000 00659nam a2200205 i 4500
001 133475
003 ES-MaACL
005 20230906194423.0
007 t|
008 070816s1957 sp ||||1| spa d
100 1 _aDe Wohl, Louis.
_943085
245 1 3 _aEl genio burlado
_b: novela /
_cLouis de Wohl ; traducción del alemán por Magdalena Galligo.
260 _aSan Sebastián :
_bDinor,
_c1957 (
_eBurgos :
_fAldecoa)
300 _a426 p. ;
_c20 cm.
490 1 _aPrisma. Novelas históricas
700 1 _aGalligo, Magdalena.
_953627
830 0 _aPrisma. Novelas históricas
_9186929
852 _aES-MaACL
_jC-14218
_bR.42057
999 _c133475
_d133475